• 首页
  • 本馆介绍
  • 公告通知
  • 最新文献
  • 馆藏检索
  • 电子资源
  • 读者导购
  • 参考咨询
  • 我的图书馆
  • 登录
  • 详细信息显示
  • 放入我的书架
  • 预约/预借图书
  • 作者相关作品
  • 分类相关作品
  • 丛书相关作品
  • 出版社相关作品

书目信息

  • 表格格式
  • 工作单格式
  • 卡片格式
题名:
民事诉论法学
    
 
作者: 王国征 著
分册:  
出版信息: 北京   北京大学出版社  2002
页数: 409页
开本: 20cm
丛书名:
单 册:
中图分类: D915.2
科图分类:
主题词: 民事诉讼法--法的理论
电子资源:
ISBN: 7-301-05715-6
000 00553nam0 2200193 450
001 0743022120
005 20070714153438.90
010    @a7-301-05715-6@dCNY20.00
100    @a20070713d2002 km y0chiy0120 ea
101 0  @achi
102    @aCN@b110000
200 1  @a民事诉论法学@Amin shi su lun fa xue@f王国征著@Fwang guo zheng zhu
210    @a北京@c北京大学出版社@d2002@h2005
215    @a409页@d20cm
606 0  @a民事诉讼法@x法的理论
690    @aD915.2@v3
701  0 @a王国征@Awang guo zheng@4著
801  0 @aCN@bPFT@c20070714
905    @a10447@dD915.2@e347
    
    民事诉论法学/王国征著.-北京:北京大学出版社,2002(2005)
    409页;20cm
    
    
    ISBN 7-301-05715-6:CNY20.00
    
●
相关链接 在E读中查询图书 在五车中查询图书 在当当中查询图书 在豆瓣中查询图书


正题名:民事诉论法学     索取号:D915.2/347         预约/预借

序号 登录号 条形码 馆藏地/架位号 状态 备注
1 0778618   207786181   第一样本阅览室/ [索取号:D915.2/347] 在馆    
唐山师范学院图书馆 欢迎您!
大连网信软件有限公司© 版权所有